[Event "Campeonato de Europa 2011 Femenino"]
[Site "Tbilisi GEO"]
[Date "2011.05.10"]
[Round "4.1"]
[White "Cmilyte, Viktorija"]
[Black "Kosintseva, Nadezhda"]
[Result "1-0"]
[WhiteElo "2504"]
[BlackElo "2567"]
[PlyCount "145"]
[EventDate "2011.05.07"]
[EventType "swiss"]
[EventRounds "11"]
[EventCountry "GEO"]
[Source "lmi"]
[SourceDate "2011.05.07"]

1. d4 Nf6 2. c4 e6 3. Nc3 Bb4 4. Qc2 O-O 5. e4 d5 6. e5 Ne4 7. Bd3 c5 8. Nf3
cxd4 9. Nxd4 Nd7 10. Bf4 Ndc5 11. O-O Nxd3 12. Qxd3 Bxc3 13. bxc3 b6 14. cxd5
Qxd5 15. Rfd1 Nc5 16. Qg3 Qe4 17. Nb3 Ba6 18. Rd4 Qg6 19. Nxc5 bxc5 20. Ra4 Bd3
21. Be3 Qxg3 22. hxg3 Rfc8 23. Ra5 a6 24. Bxc5 Rab8 25. Bb4 Rb5 26. Rd1 Rxa5
27. Bxa5 Bc4 28. a3 h5 29. Bb4 Bd5 30. f3 Kh7 31. Kf2 g5 32. Ke3 Kg6 33. Rd4
Kf5 34. g4+ hxg4 35. Rxg4 Rc4 36. Rxc4 Bxc4 37. Bd6 f6 38. Kd4 Bf1 39. g4+ Kg6
40. exf6 Kxf6 41. Bc7 Be2 42. Bd8+ Kg6 43. Ke4 Bb5 44. Ke5 Be2 45. Ke4 Bb5 46.
f4 gxf4 47. Kxf4 Be2 48. Bc7 Bb5 49. Be5 Be2 50. Bb8 Bb5 51. Bc7 Be2 52. a4 a5
53. Bxa5 Bd1 54. c4 Bxa4 55. Bd8 Bd1 56. g5 Be2 57. c5 Bb5 58. Bf6 Bc6 59. Bd4
Be8 60. Be3 Kf7 61. Ke5 Ke7 62. Bd2 Ba4 63. Bb4 Be8 64. Ba3 Ba4 65. c6+ Ke8 66.
c7 Kd7 67. Bd6 Bc2 68. Kf6 e5 69. Bxe5 Bd3 70. g6 Bc4 71. Kg7 Bd3 72. Kf7 Bc4+
73. Kf8 1-0

[Event "Campeonato de Europa 2011 Femenino"]
[Site "Tbilisi GEO"]
[Date "2011.05.10"]
[Round "4.4"]
[White "Stefanova, Antoaneta"]
[Black "Batsiashvili, Nino"]
[Result "1/2-1/2"]
[WhiteElo "2506"]
[BlackElo "2399"]
[PlyCount "54"]
[EventDate "2011.05.07"]
[EventType "swiss"]
[EventRounds "11"]
[EventCountry "GEO"]
[Source "lmi"]
[SourceDate "2011.05.07"]

1. d4 d5 2. c4 e6 3. Nf3 Nf6 4. Nc3 Be7 5. Bg5 O-O 6. e3 h6 7. Bh4 Ne4 8. Bxe7
Qxe7 9. Rc1 c6 10. Bd3 Nxc3 11. Rxc3 dxc4 12. Bxc4 Nd7 13. Bb3 b6 14. Ba4 b5
15. Bc2 Bb7 16. Be4 Rac8 17. Qc1 b4 18. Rc2 Ba6 19. Rxc6 Nf6 20. Qd1 Bb5 21.
Rxc8 Rxc8 22. Nd2 b3 23. axb3 Nxe4 24. Nxe4 Qb4+ 25. Nc3 Rxc3 26. bxc3 Qxc3+
27. Qd2 Qa1+ 1/2-1/2

[Event "Campeonato de Europa 2011 Femenino"]
[Site "Tbilisi GEO"]
[Date "2011.05.10"]
[Round "4.9"]
[White "Kachiani-Gersinska, Ketino"]
[Black "Khukhashvili, Sopiko"]
[Result "1/2-1/2"]
[WhiteElo "2309"]
[BlackElo "2421"]
[PlyCount "34"]
[EventDate "2011.05.07"]
[EventType "swiss"]
[EventRounds "11"]
[EventCountry "GEO"]
[Source "lmi"]
[SourceDate "2011.05.07"]

1. c4 Nf6 2. Nc3 e6 3. e4 d5 4. e5 d4 5. exf6 dxc3 6. bxc3 Qxf6 7. d4 c5 8. Nf3
cxd4 9. Bg5 Qf5 10. cxd4 Bb4+ 11. Bd2 Nc6 12. Bxb4 Nxb4 13. Rb1 Qa5 14. Qd2 Nc6
15. Bd3 O-O 16. Be4 Qa4 17. Qd3 Qa5+ 1/2-1/2

[Event "Campeonato de Europa 2011 Femenino"]
[Site "Tbilisi GEO"]
[Date "2011.05.10"]
[Round "4.10"]
[White "Bodnaruk, Anastasia"]
[Black "Guramishvili, Sopiko"]
[Result "1-0"]
[WhiteElo "2419"]
[BlackElo "2299"]
[PlyCount "97"]
[EventDate "2011.05.07"]
[EventType "swiss"]
[EventRounds "11"]
[EventCountry "GEO"]
[Source "lmi"]
[SourceDate "2011.05.07"]

1. e4 c5 2. Ne2 Nf6 3. Nbc3 a6 4. d4 cxd4 5. Nxd4 d6 6. h3 e6 7. g4 d5 8. exd5
Nxd5 9. Nde2 Bb4 10. Bg2 O-O 11. O-O Nxc3 12. Nxc3 Qe7 13. Be3 Rd8 14. Qe2 Ba5
15. Na4 Nd7 16. Rad1 Rb8 17. Ba7 Ra8 18. Qe3 Qb4 19. b3 Bc7 20. c4 Re8 21. Bd4
Qe7 22. c5 e5 23. Bb2 e4 24. Nb6 Bxb6 25. cxb6 Qe6 26. Bd4 h5 27. Rfe1 hxg4 28.
Qxe4 gxh3 29. Qxe6 fxe6 30. Bxh3 e5 31. Bg2 Kf8 32. Be3 Nf6 33. Rc1 e4 34. Bd4
Re6 35. a4 Bd7 36. Bh3 Ng4 37. Rc7 Bc6 38. Rxc6 Rxc6 39. Bxg4 Re8 40. Bf5 e3
41. fxe3 Re7 42. Rf1 Ke8 43. Bd3 g5 44. Rf5 Rc1+ 45. Kg2 Rd1 46. Bc4 Rh7 47.
Rxg5 Rhh1 48. Kf3 Rh3+ 49. Ke4 1-0

[Event "Campeonato de Europa 2011 Femenino"]
[Site "Tbilisi GEO"]
[Date "2011.05.10"]
[Round "4.12"]
[White "Mikadze, Miranda"]
[Black "Dzagnidze, Nana"]
[Result "1/2-1/2"]
[WhiteElo "2351"]
[BlackElo "2557"]
[PlyCount "61"]
[EventDate "2011.05.07"]
[EventType "swiss"]
[EventRounds "11"]
[EventCountry "GEO"]
[Source "lmi"]
[SourceDate "2011.05.07"]

1. e4 c5 2. c3 d5 3. exd5 Qxd5 4. d4 Nf6 5. Nf3 e6 6. Na3 Nc6 7. Nb5 Qd8 8.
dxc5 Bxc5 9. Qxd8+ Kxd8 10. Bf4 Nd5 11. Bg3 Ke7 12. Rd1 a6 13. Nbd4 Nxd4 14.
Nxd4 Rd8 15. Be2 Bd7 16. Bf3 Bxd4 17. Rxd4 Bc6 18. O-O Rd7 19. c4 Nb6 20. Rxd7+
Nxd7 21. Bxc6 bxc6 22. Rd1 a5 23. Bd6+ Ke8 24. Kf1 a4 25. Ke2 c5 26. Kd3 Ra6
27. Kc3 f6 28. Bg3 Ke7 29. f3 Rb6 30. Bf2 Rb7 31. g4 1/2-1/2

[Event "Campeonato de Europa 2011 Femenino"]
[Site "Tbilisi GEO"]
[Date "2011.05.10"]
[Round "4.13"]
[White "Muzychuk, Anna"]
[Black "Gvetadze, Sopio"]
[Result "1-0"]
[WhiteElo "2537"]
[BlackElo "2330"]
[PlyCount "87"]
[EventDate "2011.05.07"]
[EventType "swiss"]
[EventRounds "11"]
[EventCountry "GEO"]
[Source "lmi"]
[SourceDate "2011.05.07"]

1. e4 Nf6 2. e5 Nd5 3. d4 d6 4. c4 Nb6 5. exd6 exd6 6. Nc3 Be7 7. Nf3 O-O 8.
Be2 Bg4 9. b3 Re8 10. O-O Bf6 11. Be3 Nc6 12. h3 Bh5 13. Rc1 d5 14. c5 Nc8 15.
Qd2 Bg6 16. Rfe1 Be4 17. Nh2 N8e7 18. g4 h6 19. Bf1 Qd7 20. f3 Bh7 21. Bf2 Ng6
22. f4 Nf8 23. Nf3 Rad8 24. f5 Re7 25. Bg2 Rde8 26. Rxe7 Rxe7 27. Rd1 Re8 28.
Bg3 Nb4 29. Ne5 Bxe5 30. dxe5 c6 31. Nb5 Na6 32. Nd6 Rb8 33. Qa5 Ra8 34. b4 g6
35. Rf1 Qe7 36. Qa3 Nd7 37. Qc3 Nf8 38. e6 f6 39. Nf7 Kg7 40. Bd6 Qe8 41. Be5
Nd7 42. exd7 Qxf7 43. fxg6 Bxg6 44. Bxf6+ 1-0

[Event "Campeonato de Europa 2011 Femenino"]
[Site "Tbilisi GEO"]
[Date "2011.05.10"]
[Round "4.15"]
[White "Arakhamia-Grant, Ketevan"]
[Black "Mammadova, Gulnar Marfat qizi"]
[Result "1/2-1/2"]
[WhiteElo "2462"]
[BlackElo "2312"]
[PlyCount "145"]
[EventDate "2011.05.07"]
[EventType "swiss"]
[EventRounds "11"]
[EventCountry "GEO"]
[Source "lmi"]
[SourceDate "2011.05.07"]

1. e4 e6 2. d4 d5 3. Nc3 Bb4 4. e5 c5 5. a3 Ba5 6. b4 cxd4 7. Nb5 Bc7 8. f4 Ne7
9. Nf3 Bd7 10. Nxc7+ Qxc7 11. Bd3 Ba4 12. O-O a6 13. Bb2 Nbc6 14. Kh1 Qb6 15.
Nxd4 a5 16. Nxc6 bxc6 17. Qg4 g6 18. Bc3 axb4 19. axb4 Kd7 20. Qe2 h5 21. Bd2
Bb5 22. Be3 Bxd3 23. Qxd3 Qxb4 24. Rab1 Qa5 25. Rb7+ Ke8 26. Rfb1 Nc8 27. Bd2
Qa6 28. Qxa6 Rxa6 29. Rb8 Kd8 30. Bb4 c5 31. Bxc5 Rc6 32. R1b5 h4 33. Kg1 g5
34. f5 exf5 35. Bd6 Re8 36. Rxd5 Kd7 37. Bb4+ Ke6 38. Rd2 f4 39. Rb5 Ne7 40. h3
Nf5 41. Kf2 Ra8 42. c3 Ne3 43. Kf3 Re8 44. Rd3 Nc4 45. Rd4 Ne3 46. Bc5 Rec8 47.
Rd6+ Rxd6 48. exd6 f6 49. Bb4 Nd5 50. d7 Rd8 51. Rxd5 Kxd5 52. Be7 Rxd7 53.
Bxf6 Rc7 54. Bxg5 Rxc3+ 55. Kg4 Rg3+ 56. Kxf4 Rxg2 57. Bxh4 Ke6 58. Bg5 Ra2 59.
Kg4 Rg2+ 60. Kf4 Rf2+ 61. Kg4 Ke5 62. h4 Rg2+ 63. Kf3 Ra2 64. h5 Kf5 65. Be3
Rh2 66. h6 Rh3+ 67. Kf2 Ke4 68. Bg5 Rh5 69. Bc1 Rc5 70. Bd2 Rf5+ 71. Kg3 Rh5
72. Kg4 Rxh6 73. Bxh6 1/2-1/2

[Event "Campeonato de Europa 2011 Femenino"]
[Site "Tbilisi GEO"]
[Date "2011.05.10"]
[Round "4.19"]
[White "Khurtsilava, Inga"]
[Black "Melia, Salome"]
[Result "0-1"]
[WhiteElo "2286"]
[BlackElo "2444"]
[PlyCount "112"]
[EventDate "2011.05.07"]
[EventType "swiss"]
[EventRounds "11"]
[EventCountry "GEO"]
[Source "lmi"]
[SourceDate "2011.05.07"]

1. d4 c5 2. e3 Nf6 3. Nf3 d5 4. Nbd2 Nc6 5. dxc5 e6 6. Nb3 a5 7. a4 Ne4 8. Bb5
Bd7 9. O-O Nxc5 10. Nxc5 Bxc5 11. e4 d4 12. e5 O-O 13. Qe2 Nb4 14. Qe4 h6 15.
Qg4 f5 16. exf6 Rxf6 17. Bc4 Nxc2 18. Rb1 Qc7 19. Qe4 Nb4 20. Nxd4 Bxd4 21.
Qxd4 Bxa4 22. b3 Bc6 23. Qg4 Qf7 24. f3 Bd5 25. Bd2 Nc6 26. Rbe1 Rd8 27. Rf2
Bxc4 28. Qxc4 e5 29. Qa4 Rfd6 30. Bc3 Rd3 31. Bxa5 Ra8 32. b4 Nd4 33. Rd1 Re3
34. f4 Ne2+ 35. Rxe2 Rxe2 36. Qb5 Re4 37. fxe5 Re8 38. Rf1 R4xe5 39. Rxf7 Rxb5
40. Rd7 Re2 41. h4 b6 42. Rb7 Re6 43. g3 h5 44. Kg2 Kh7 45. g4 Rg6 46. g5 Re6
47. Kg3 Kg6 48. Rb8 Rc6 49. Rb7 Kf5 50. Kf3 Rc3+ 51. Kf2 Rc4 52. Kg3 Rc3+ 53.
Kf2 Rb3 54. g6 Kxg6 55. Kg2 Kf6 56. Bxb6 Ke5 0-1

[Event "Campeonato de Europa 2011 Femenino"]
[Site "Tbilisi GEO"]
[Date "2011.05.10"]
[Round "4.20"]
[White "Khurtsidze, Nino"]
[Black "Janjghava, Natia"]
[Result "1-0"]
[WhiteElo "2436"]
[BlackElo "2291"]
[PlyCount "73"]
[EventDate "2011.05.07"]
[EventType "swiss"]
[EventRounds "11"]
[EventCountry "GEO"]
[Source "lmi"]
[SourceDate "2011.05.07"]

1. d4 Nf6 2. c4 g6 3. Nf3 Bg7 4. g3 O-O 5. Bg2 c6 6. O-O d5 7. Ne5 Nfd7 8. Nxd7
Nxd7 9. cxd5 cxd5 10. Nc3 Nb6 11. a4 e6 12. b3 Bd7 13. Bf4 Bc6 14. Qd3 Qe7 15.
Rfd1 Rfd8 16. h4 a6 17. Bg5 Bf6 18. Qe3 Rac8 19. Rac1 Bxg5 20. hxg5 Qb4 21. Nb1
Be8 22. Nd2 Rxc1 23. Rxc1 Qd6 24. Nf3 Rc8 25. Rc5 Qe7 26. Ne5 Rxc5 27. dxc5 Nd7
28. Nd3 Qd8 29. f4 h6 30. gxh6 Kh7 31. Bh3 Qf6 32. g4 Qa1+ 33. Kh2 Kxh6 34. f5+
g5 35. fxe6 fxe6 36. Qxe6+ Nf6 37. Ne5 1-0

[Event "Campeonato de Europa 2011 Femenino"]
[Site "Tbilisi GEO"]
[Date "2011.05.10"]
[Round "4.21"]
[White "Bulmaga, Irina"]
[Black "Foisor, Cristina-Adela"]
[Result "0-1"]
[WhiteElo "2284"]
[BlackElo "2414"]
[PlyCount "98"]
[EventDate "2011.05.07"]
[EventType "swiss"]
[EventRounds "11"]
[EventCountry "GEO"]
[Source "lmi"]
[SourceDate "2011.05.07"]

1. e4 c6 2. d4 g6 3. Nf3 Bg7 4. Nc3 d5 5. h3 Nh6 6. Bf4 f6 7. exd5 cxd5 8. Nb5
O-O 9. c4 Na6 10. cxd5 Qxd5 11. Nc3 Qf5 12. Bh2 Be6 13. d5 Bf7 14. g4 Qd7 15.
Bb5 Qd8 16. O-O Rc8 17. Re1 Nb4 18. d6 e5 19. d7 Rc5 20. g5 Nf5 21. gxf6 Bxf6
22. Nxe5 Bxe5 23. Rxe5 Rxe5 24. Bxe5 Nc6 25. Bxc6 bxc6 26. f4 Qb6+ 27. Kh1 Qf2
28. Ne4 Ng3+ 29. Nxg3 Bd5+ 30. Qxd5+ cxd5 31. f5 Rd8 32. f6 Rxd7 33. Rf1 Qe3
34. Bf4 Qe6 35. Kg2 Qxf6 36. Bh6 Qxb2+ 37. Rf2 Qb4 38. Bd2 Qb7 39. Bh6 Rd8 40.
h4 d4+ 41. Kh2 d3 42. Nf1 Qe4 43. Kg3 Qe5+ 44. Kh3 Qh5 45. Bf4 Rf8 46. Kg3 Qc5
47. Ne3 h5 48. Rd2 Rxf4 49. Kxf4 Qb4+ 0-1

[Event "Campeonato de Europa 2011 Femenino"]
[Site "Tbilisi GEO"]
[Date "2011.05.10"]
[Round "4.23"]
[White "Isgandarova, Khayala Ilqar qizi"]
[Black "Milliet, Sophie"]
[Result "1/2-1/2"]
[WhiteElo "2143"]
[BlackElo "2388"]
[PlyCount "138"]
[EventDate "2011.05.07"]
[EventType "swiss"]
[EventRounds "11"]
[EventCountry "GEO"]
[Source "lmi"]
[SourceDate "2011.05.07"]

1. e4 c5 2. Nc3 Nc6 3. g3 g6 4. Bg2 Bg7 5. d3 d6 6. Be3 Nd4 7. Qd2 Qa5 8. f4 e6
9. Nf3 Ne7 10. O-O Bd7 11. Qf2 Qb6 12. Nd1 O-O 13. c3 Nxf3+ 14. Bxf3 Rac8 15.
g4 f5 16. Qg2 Bc6 17. b4 Qb5 18. bxc5 dxc5 19. gxf5 exf5 20. c4 Qa5 21. e5 Rfd8
22. Nf2 Bxf3 23. Qxf3 Rc6 24. h4 Rb6 25. Rfc1 Nc6 26. Nd1 Rxd3 27. Qe2 Qa3 28.
Rc2 Nd4 29. Bxd4 Rxd4 30. Nc3 Rxf4 31. e6 Bd4+ 32. Kh1 Rxh4+ 33. Kg2 Rg4+ 34.
Kh1 Rh4+ 35. Kg2 Rg4+ 36. Kh1 g5 37. Qf3 Rxe6 38. Qd5 Rge4 39. Nxe4 Qh3+ 40.
Rh2 Qf3+ 41. Rg2 Qxe4 42. Qxe4 fxe4 43. Rxg5+ Kf7 44. Rf1+ Ke7 45. Kg2 e3 46.
Kf3 Rf6+ 47. Ke2 Rh6 48. Rg2 Kd6 49. Kd3 Kc6 50. Rb1 a6 51. a4 b6 52. Ke2 Rh4
53. Kd3 Be5 54. Rc2 Rh3 55. Re2 Bd4 56. Rc2 Rh4 57. Re2 Rh6 58. Rg2 Re6 59. Rh2
h6 60. Rbh1 Bg7 61. Re2 b5 62. axb5+ axb5 63. cxb5+ Kxb5 64. Rb1+ Kc6 65. Rxe3
c4+ 66. Ke2 Rd6 67. Rc1 Kc5 68. Re7 Bb2 69. Rc7+ Kd5 1/2-1/2

[Event "Campeonato de Europa 2011 Femenino"]
[Site "Tbilisi GEO"]
[Date "2011.05.10"]
[Round "4.24"]
[White "Romanko, Marina"]
[Black "Kazimova, Narmin Nizami qizi"]
[Result "1-0"]
[WhiteElo "2387"]
[BlackElo "2262"]
[PlyCount "93"]
[EventDate "2011.05.07"]
[EventType "swiss"]
[EventRounds "11"]
[EventCountry "GEO"]
[Source "lmi"]
[SourceDate "2011.05.07"]

1. d4 Nf6 2. c4 e6 3. Nc3 Bb4 4. Qc2 O-O 5. a3 Bxc3+ 6. Qxc3 b6 7. Bg5 Bb7 8.
e3 d6 9. Ne2 Nbd7 10. Qc2 c5 11. Rd1 Qc7 12. Nc3 a6 13. Qd2 d5 14. dxc5 bxc5
15. Be2 Bc6 16. O-O dxc4 17. Bxc4 Qb7 18. f3 Nb6 19. Be2 Nfd5 20. Nxd5 exd5 21.
Rb1 f6 22. Bf4 Qe7 23. Rfe1 a5 24. Bd3 Nd7 25. Qc2 g6 26. e4 d4 27. b4 axb4 28.
axb4 Kg7 29. Rec1 Ba4 30. Qf2 Rfd8 31. Bc4 Bc6 32. Bf1 Rac8 33. Ba6 Ra8 34. b5
Rxa6 35. bxa6 g5 36. Bg3 Ne5 37. Bxe5 Qxe5 38. Qc2 d3 39. Qxc5 d2 40. Qxe5
dxc1=Q+ 41. Rxc1 fxe5 42. Rxc6 Rd1+ 43. Kf2 Rd2+ 44. Kg3 h5 45. h4 gxh4+ 46.
Kh3 Ra2 47. Re6 1-0

[Event "Campeonato de Europa 2011 Femenino"]
[Site "Tbilisi GEO"]
[Date "2011.05.10"]
[Round "4.26"]
[White "Ibrahimova, Sabina Oqtay qizi"]
[Black "Charkhalashvili, Inga"]
[Result "0-1"]
[WhiteElo "2078"]
[BlackElo "2373"]
[PlyCount "78"]
[EventDate "2011.05.07"]
[EventType "swiss"]
[EventRounds "11"]
[EventCountry "GEO"]
[Source "lmi"]
[SourceDate "2011.05.07"]

1. e4 c6 2. d4 d5 3. Nc3 dxe4 4. Nxe4 Bf5 5. Qf3 e6 6. Ne2 Be7 7. c3 Nf6 8.
Nxf6+ Bxf6 9. Ng3 Bg6 10. Bc4 Nd7 11. O-O O-O 12. Ne4 Be7 13. Bb3 Qa5 14. Re1
Rad8 15. Bd2 Nf6 16. Nxf6+ Bxf6 17. Bf4 Qf5 18. a4 Rd7 19. Bc4 Bxd4 20. g4 Qc5
21. b3 Bf6 22. a5 Qe7 23. a6 b5 24. Bf1 b4 25. Be5 Bxe5 26. Rxe5 Rd5 27. Ree1
h5 28. h3 hxg4 29. hxg4 Qh4 30. Ra4 bxc3 31. Qxc3 c5 32. Re3 Qg5 33. Re1 Rfd8
34. Qg3 Rd4 35. Rxd4 cxd4 36. Rd1 Bc2 37. f4 Qa5 38. Re1 d3 39. Re5 Qb6+ 0-1

[Event "Campeonato de Europa 2011 Femenino"]
[Site "Tbilisi GEO"]
[Date "2011.05.10"]
[Round "4.27"]
[White "Rogule, Laura"]
[Black "Gavasheli, Ana"]
[Result "1-0"]
[WhiteElo "2362"]
[BlackElo "2160"]
[PlyCount "69"]
[EventDate "2011.05.07"]
[EventType "swiss"]
[EventRounds "11"]
[EventCountry "GEO"]
[Source "lmi"]
[SourceDate "2011.05.07"]

1. e4 d6 2. d4 Nf6 3. Nc3 g6 4. Be3 Bg7 5. f3 c6 6. Qd2 b5 7. g4 b4 8. Nce2 a5
9. g5 Nh5 10. Ng3 Nxg3 11. hxg3 Na6 12. Bd3 c5 13. Ne2 Qc7 14. c3 c4 15. Bc2 e5
16. dxe5 dxe5 17. Ba4+ Ke7 18. Rd1 Be6 19. Nc1 Nc5 20. Bc2 Rad8 21. Qf2 Rxd1+
22. Bxd1 Nb7 23. Kf1 Qd6 24. Ba4 f5 25. gxf6+ Bxf6 26. Kg2 bxc3 27. bxc3 Bc8
28. Rd1 Qe6 29. Bb5 h6 30. g4 h5 31. Bc5+ Kf7 32. Qf1 Nxc5 33. Bxc4 Ba6 34.
Bxe6+ Nxe6 35. Qf2 1-0

[Event "Campeonato de Europa 2011 Femenino"]
[Site "Tbilisi GEO"]
[Date "2011.05.10"]
[Round "4.29"]
[White "Muzychuk, Mariya"]
[Black "Ziaziulkina, Nastassia"]
[Result "1-0"]
[WhiteElo "2473"]
[BlackElo "2291"]
[PlyCount "109"]
[EventDate "2011.05.07"]
[EventType "swiss"]
[EventRounds "11"]
[EventCountry "GEO"]
[Source "lmi"]
[SourceDate "2011.05.07"]

1. e4 c5 2. Nf3 d6 3. d4 cxd4 4. Nxd4 Nf6 5. Nc3 a6 6. Be3 e5 7. Nf3 Be7 8. Bc4
O-O 9. O-O Nc6 10. Bb3 h6 11. Qe2 Be6 12. Rfd1 Rc8 13. Nd5 Bxd5 14. Bxd5 Nxd5
15. Rxd5 f5 16. exf5 Rxf5 17. c3 Qd7 18. Qd3 Qe6 19. Qe4 Rcf8 20. Rad1 Qf7 21.
a4 Nd8 22. R5d2 Kh8 23. Nh4 Rf6 24. g4 Re6 25. Nf5 Qg6 26. f3 Nf7 27. Qxb7 Bg5
28. Bxg5 Nxg5 29. h4 Nh3+ 30. Kh2 Nf4 31. Nxd6 Qf6 32. Kg3 e4 33. Nf5 Qe5 34.
Qxe4 Ne2+ 35. Kg2 Rxf5 36. Rxe2 Qf4 37. Qxf4 Rxe2+ 38. Kg3 Rxf4 39. Kxf4 Rxb2
40. Rd6 Rb3 41. Rxa6 Rxc3 42. Ra8+ Kh7 43. h5 Ra3 44. Ke4 Ra1 45. a5 Ra3 46. a6
Ra5 47. Kd4 Ra3 48. Kc5 Rxf3 49. Rb8 Ra3 50. Kb6 Rb3+ 51. Kc7 Rc3+ 52. Kb7 Rb3+
53. Ka8 Ra3 54. a7 Ra4 55. Kb7 1-0

[Event "Campeonato de Europa 2011 Femenino"]
[Site "Tbilisi GEO"]
[Date "2011.05.10"]
[Round "4.31"]
[White "Zhukova, Natalia"]
[Black "Arabidze, Meri"]
[Result "1/2-1/2"]
[WhiteElo "2428"]
[BlackElo "2277"]
[PlyCount "84"]
[EventDate "2011.05.07"]
[EventType "swiss"]
[EventRounds "11"]
[EventCountry "GEO"]
[Source "lmi"]
[SourceDate "2011.05.07"]

1. d4 Nf6 2. c4 e6 3. g3 d5 4. Bg2 Bb4+ 5. Bd2 Be7 6. Nf3 O-O 7. O-O c6 8. Bf4
dxc4 9. Ne5 b5 10. a4 Nd5 11. Nc3 f6 12. Nf3 b4 13. Ne4 c3 14. Qb3 Nxf4 15.
gxf4 Qd5 16. Qxd5 exd5 17. Ng3 cxb2 18. Rab1 Bd6 19. Rxb2 a5 20. e3 g6 21. Rc1
Bb7 22. Bh3 Kf7 23. Nf1 Ke7 24. N1d2 g5 25. Kh1 Nd7 26. Nb3 Nb6 27. Ra2 h6 28.
Ne1 Nc4 29. Nd3 Ba6 30. Ndc5 Bxc5 31. dxc5 Bc8 32. Bf1 Na3 33. Nd4 Bd7 34. f5
Kd8 35. Bd3 Re8 36. Kg2 Kc7 37. Kg3 h5 38. h3 Re5 39. Rb2 Rd8 40. Ra2 Ra8 41.
Nf3 Ree8 42. Nd4 Re5 1/2-1/2

[Event "Campeonato de Europa 2011 Femenino"]
[Site "Tbilisi GEO"]
[Date "2011.05.10"]
[Round "4.32"]
[White "Shadrina, Tatiana"]
[Black "Abdulla, Khayala Mardan qizi"]
[Result "1-0"]
[WhiteElo "2397"]
[BlackElo "2168"]
[PlyCount "73"]
[EventDate "2011.05.07"]
[EventType "swiss"]
[EventRounds "11"]
[EventCountry "GEO"]
[Source "lmi"]
[SourceDate "2011.05.07"]

1. e4 c5 2. Nf3 e6 3. d4 cxd4 4. Nxd4 a6 5. Be2 Nf6 6. Nc3 Qc7 7. O-O Nc6 8.
Be3 Bb4 9. Na4 Be7 10. Nxc6 bxc6 11. Nb6 Rb8 12. Nxc8 Qxc8 13. e5 Nd5 14. Bc1
Bc5 15. Kh1 O-O 16. Bd3 a5 17. Qh5 g6 18. Qh6 Re8 19. c4 Ne7 20. Rb1 Qc7 21.
Bf4 Nf5 22. Bxf5 exf5 23. Rfd1 Re6 24. Bd2 Bd4 25. f4 Bxb2 26. h3 a4 27. Be1
Rb7 28. Bh4 Ba3 29. Bf6 Bf8 30. Qh4 Qb8 31. Rxb7 Qxb7 32. Qe1 d6 33. Qa5 dxe5
34. Rd8 Qb1+ 35. Kh2 Qe4 36. Rxf8+ Kxf8 37. Qb4+ 1-0

[Event "Campeonato de Europa 2011 Femenino"]
[Site "Tbilisi GEO"]
[Date "2011.05.10"]
[Round "4.35"]
[White "Cherednichenko, Elena"]
[Black "Kochetkova, Julia"]
[Result "0-1"]
[WhiteElo "2147"]
[BlackElo "2341"]
[PlyCount "146"]
[EventDate "2011.05.07"]
[EventType "swiss"]
[EventRounds "11"]
[EventCountry "GEO"]
[Source "lmi"]
[SourceDate "2011.05.07"]

1. d4 Nf6 2. Nf3 e6 3. e3 c5 4. Bd3 cxd4 5. exd4 Be7 6. O-O O-O 7. c4 d6 8. Nc3
b6 9. Re1 Bb7 10. Ng5 Nbd7 11. f4 h6 12. Nf3 d5 13. a3 dxc4 14. Bxc4 Qc7 15.
Bb3 Rad8 16. Qe2 Bd6 17. Ne5 a6 18. Bd2 Nb8 19. Rad1 Nc6 20. Be3 Ne7 21. Rc1
Qb8 22. Bc2 Qa8 23. Ng4 Nxg4 24. Qxg4 Nf5 25. Bf2 b5 26. Be4 b4 27. Bxb7 Qxb7
28. axb4 Qxb4 29. Ne4 Be7 30. Ng3 Nxd4 31. Nh5 Nf5 32. Re5 Qxb2 33. Rce1 g6 34.
Ng3 Nxg3 35. Qxg3 Bf6 36. Rh5 Rd2 37. Rxh6 Rxf2 38. Rxg6+ fxg6 39. Qxg6+ Bg7
40. Qxe6+ Rf7 41. Qc8+ Bf8 42. Qg4+ Qg7 43. Qxg7+ Bxg7 44. Kxf2 Rxf4+ 45. Ke3
Rb4 46. Rd1 a5 47. Rd5 a4 48. Ra5 Rb3+ 49. Ke4 a3 50. Kf5 Bf8 51. g4 Rh3 52. g5
Rxh2 53. Kg6 Rc2 54. Ra6 Rc7 55. Kf6 Kh7 56. Ra4 Bg7+ 57. Kf5 Bb2 58. Ra5 Kg7
59. Kg4 Bc1 60. Kh5 Kh7 61. g6+ Kg7 62. Ra6 Rc5+ 63. Kh4 Kh6 64. Kg4 Rg5+ 65.
Kf3 Rxg6 66. Ra5 Rd6 67. Ke4 Bb2 68. Ke3 Kg6 69. Ke4 Kf6 70. Ra8 Ke6 71. Ra7
Rd1 72. Kf3 Kd6 73. Ke2 Rd5 0-1

[Event "Campeonato de Europa 2011 Femenino"]
[Site "Tbilisi GEO"]
[Date "2011.05.10"]
[Round "4.36"]
[White "Stojanovic, Andjelija"]
[Black "Melashvili, Nino"]
[Result "0-1"]
[WhiteElo "2326"]
[BlackElo "2104"]
[PlyCount "84"]
[EventDate "2011.05.07"]
[EventType "swiss"]
[EventRounds "11"]
[EventCountry "GEO"]
[Source "lmi"]
[SourceDate "2011.05.07"]

1. Nf3 d6 2. d4 g6 3. e4 Bg7 4. Nc3 Nc6 5. h3 e5 6. d5 Nce7 7. g4 Nf6 8. Be3 c6
9. Qd2 cxd5 10. exd5 h6 11. O-O-O Qa5 12. Kb1 Bd7 13. Nb5 Qxd2 14. Nxd6+ Kf8
15. Bxd2 Nfxd5 16. c4 Nb6 17. Bb4 Bc6 18. Bg2 Bf6 19. Rhe1 Kg7 20. Ne4 Bxe4+
21. Rxe4 Nc6 22. Bc3 Rad8 23. Rde1 Na4 24. Bxe5 Nxe5 25. Nxe5 Nc5 26. R4e2 Bxe5
27. Rxe5 Nd3 28. Bxb7 Nxe5 29. Rxe5 Rhe8 30. Rxe8 Rxe8 31. Kc2 Kf6 32. Kd3 Rb8
33. Bd5 Rxb2 34. c5 Rxf2 35. a4 Ke5 36. Bb7 Ra2 37. Bc6 f5 38. Be8 f4 39. c6
Kd6 40. Bxg6 f3 41. Ke3 f2 42. Bd3 Ra3 0-1

[Event "Campeonato de Europa 2011 Femenino"]
[Site "Tbilisi GEO"]
[Date "2011.05.10"]
[Round "4.37"]
[White "Goryachkina, Aleksandra"]
[Black "Mamedjarova, Turkan"]
[Result "0-1"]
[WhiteElo "2103"]
[BlackElo "2322"]
[PlyCount "75"]
[EventDate "2011.05.07"]
[EventType "swiss"]
[EventRounds "11"]
[EventCountry "GEO"]
[Source "lmi"]
[SourceDate "2011.05.07"]

1. d4 d5 2. c4 e6 3. Nc3 c6 4. e3 f5 5. f4 Nf6 6. Nf3 Bd6 7. Be2 O-O 8. O-O Kh8
9. Bd2 c5 10. Nb5 Be7 11. dxc5 Bxc5 12. b4 Be7 13. Nbd4 Nc6 14. c5 Nxd4 15.
Nxd4 Ne4 16. Be1 Bf6 17. Rc1 e5 18. fxe5 Bxe5 19. Nf3 Bb8 20. Qd4 Be6 21. Nd2
Qg5 22. Bf3 Nf6 23. g3 Bc7 24. Rf2 Rae8 25. Nf1 Bd7 26. Bc3 Bb5 27. Re1 Ne4 28.
Bxe4 fxe4 29. Qd2 Bd3 30. Bd4 Qg4 31. Qb2 h5 32. Kh1 Kg8 33. c6 b6 34. h4 Qh3+
35. Kg1 Bxg3 36. Rg2 Bxf1 37. Rxf1 Bh2+ 38. Rxh2 0-1

[Event "Campeonato de Europa 2011 Femenino"]
[Site "Tbilisi GEO"]
[Date "2011.05.10"]
[Round "4.39"]
[White "Novkovic, Julia"]
[Black "Houska, Jovanka"]
[Result "0-1"]
[WhiteElo "2120"]
[BlackElo "2429"]
[PlyCount "80"]
[EventDate "2011.05.07"]
[EventType "swiss"]
[EventRounds "11"]
[EventCountry "GEO"]
[Source "lmi"]
[SourceDate "2011.05.07"]

1. e4 c6 2. Nc3 d5 3. Nf3 Bg4 4. h3 Bxf3 5. Qxf3 Nf6 6. d3 e6 7. a3 Nbd7 8. g4
g6 9. exd5 cxd5 10. d4 Bg7 11. Bg5 a6 12. Be2 Rc8 13. h4 Qb6 14. O-O-O h5 15.
gxh5 Nxh5 16. Nxd5 exd5 17. Qxd5 Ndf6 18. Qe5+ Kf8 19. Rhe1 Kg8 20. Bd3 Nh7 21.
Qd5 Nxg5 22. hxg5 Bxd4 23. b4 Nf4 24. Qd7 Rd8 25. Re8+ Rxe8 26. Qxe8+ Kg7 27.
Qe4 Ne6 28. Bc4 Rd8 29. Bxe6 fxe6 30. Qh4 Be3+ 31. Kb2 Rxd1 32. Qh6+ Kf7 33.
Qh7+ Kf8 34. Qh8+ Ke7 35. Qf6+ Kd7 36. fxe3 Qxe3 37. Qf7+ Kc8 38. Qe8+ Rd8 39.
Qxg6 Qe5+ 40. Kb3 Qd5+ 0-1